[Event "M.Chigorin Memorial -2016 "]
[Site "Ð¡Ð°Ð½ÐºÑ‚-ÐŸÐµÑ‚ÐµÑ€Ð±ÑƒÑ€Ð³"]
[Date "2016.10.15"]
[Round "1.137"]
[White "Ageichenko, Genadi A"]
[Black "Yurasova, Daria"]
[Result "1-0"]
[WhiteElo "2261"]
[BlackElo "1757"]
[PlyCount "91"]
[EventDate "2016.10.15"]

1. e4 e5 2. Nf3 Nc6 3. Bb5 a6 4. Ba4 Nf6 5. d3 b5 6. Bb3 Bc5 7. O-O O-O 8. Bg5
h6 9. Bh4 Re8 10. a4 Bb7 11. c3 Bb6 12. Na3 b4 13. Nc4 bxc3 14. bxc3 d6 15. a5
Ba7 16. Ba4 Re6 17. Rb1 Qc8 18. Bb3 Nd7 19. Ba2 Re8 20. Re1 Ne7 21. Bxe7 Rxe7
22. Nh4 g6 23. Nxg6 Re8 24. Nh4 Bc6 25. Qf3 Re6 26. Ne3 Rf6 27. Nhf5 Qf8 28.
Bd5 Nb8 29. Ng4 Rg6 30. Nfxh6+ Kh7 31. Nf5 Bxd5 32. exd5 Rg5 33. Qh3+ Kg6 34.
Nh4+ Kg7 35. Rb4 f5 36. Ne3 f4 37. Nef5+ Kf6 38. Rb7 Qc8 39. Reb1 Bb6 40. R1xb6
cxb6 41. Rf7+ Kxf7 42. Nxd6+ Ke7 43. Nxc8+ Kd8 44. Nxb6 Ra7 45. Qc8+ Ke7 46.
Qxb8 1-0

[Event "M.Chigorin Memorial -2016 "]
[Site "Ð¡Ð°Ð½ÐºÑ‚-ÐŸÐµÑ‚ÐµÑ€Ð±ÑƒÑ€Ð³"]
[Date "2016.10.15"]
[Round "1.138"]
[White "Stolyarsky, Yegor"]
[Black "Guzenko, Artem"]
[Result "0-1"]
[WhiteElo "1751"]
[BlackElo "2261"]
[PlyCount "130"]
[EventDate "2016.10.15"]

1. d4 Nf6 2. Nf3 e6 3. e3 c5 4. Bd3 Qc7 5. b3 Be7 6. O-O d6 7. Bb2 Nbd7 8. Nbd2
b6 9. c4 Bb7 10. Qe2 O-O 11. Rfd1 Rfe8 12. Rac1 Rac8 13. Nf1 Qb8 14. Ng3 Qa8
15. e4 cxd4 16. Bxd4 Nc5 17. Re1 a6 18. Bb1 Ncd7 19. Rcd1 Bc6 20. a4 Qb7 21.
Bd3 Rb8 22. Ra1 Bf8 23. b4 Qc7 24. a5 bxa5 25. bxa5 Ng4 26. Ng5 Nge5 27. f4
Nxd3 28. Qxd3 e5 29. Be3 h6 30. Nh3 Rb4 31. Qc3 Rb7 32. fxe5 Nxe5 33. Bb6 Qc8
34. Nf5 Bd7 35. Bd4 Bxf5 36. exf5 Qxf5 37. Rf1 Qc8 38. Rae1 Rc7 39. Bxe5 dxe5
40. Qf3 Qe6 41. Nf4 Qxc4 42. Nd5 Rd7 43. Rd1 Red8 44. Ne3 Qe6 45. Rb1 Bc5 46.
Kh1 Rd3 47. Rfe1 Bxe3 48. Rxe3 Qb3 49. Qf1 Qxb1 50. Qxb1 Rd1+ 51. Re1 Rxb1 52.
Rxb1 Rd5 53. Ra1 f5 54. Kg1 Kf7 55. Kf2 Rb5 56. Ra3 Kf6 57. h4 Kg6 58. Rg3+ Kf6
59. Ra3 f4 60. Kf3 Kf5 61. g4+ fxg3 62. Kxg3 e4 63. h5 Rd5 64. Kh4 Kf4 65. Rg3
Rxh5+ 0-1

[Event "M.Chigorin Memorial -2016 "]
[Site "Ð¡Ð°Ð½ÐºÑ‚-ÐŸÐµÑ‚ÐµÑ€Ð±ÑƒÑ€Ð³"]
[Date "2016.10.15"]
[Round "1.139"]
[White "Lesovoi, Evgenij"]
[Black "Khochinsky, Andrey"]
[Result "1-0"]
[WhiteElo "2261"]
[BlackElo "1745"]
[PlyCount "77"]
[EventDate "2016.10.15"]

1. d4 Nf6 2. c4 e6 3. Nf3 b6 4. g3 Bb7 5. Bg2 c5 6. d5 exd5 7. Nh4 g6 8. Nc3
Bg7 9. Bg5 O-O 10. O-O h6 11. Bxf6 Bxf6 12. Nxg6 Re8 13. Nf4 Bxc3 14. bxc3 Nc6
15. Bxd5 Na5 16. e3 Bxd5 17. Nxd5 Re6 18. Qg4+ Rg6 19. Qe4 Nc6 20. Rad1 Qe8 21.
Qxg6+ fxg6 22. Nf6+ Kf7 23. Nxe8 Kxe8 24. Rd6 Ne5 25. f4 Nxc4 26. Rxg6 Kf7 27.
Rxh6 Kg7 28. Rh5 Re8 29. Re1 Nd2 30. Kg2 Ne4 31. Rd5 Re7 32. c4 Nc3 33. Rd2 Ne4
34. Rd3 d6 35. Kf3 Kf6 36. h4 Kg6 37. g4 Kh6 38. Red1 Kg6 39. Rxd6+ 1-0

[Event "M.Chigorin Memorial -2016 "]
[Site "Ð¡Ð°Ð½ÐºÑ‚-ÐŸÐµÑ‚ÐµÑ€Ð±ÑƒÑ€Ð³"]
[Date "2016.10.15"]
[Round "1.140"]
[White "Pankova, Julia"]
[Black "Kuzmin, Egor"]
[Result "0-1"]
[WhiteElo "1745"]
[BlackElo "2259"]
[PlyCount "80"]
[EventDate "2016.10.15"]

1. e4 c5 2. Nf3 d6 3. d4 cxd4 4. Qxd4 a6 5. Be3 Nc6 6. Qb6 Qxb6 7. Bxb6 Nf6 8.
Nc3 g6 9. Nd5 Nxd5 10. exd5 Nb4 11. O-O-O Bf5 12. c3 Rc8 13. a3 Na2+ 14. Kd2
Be4 15. c4 Bg7 16. Ra1 Nc3 17. bxc3 Bxd5 18. Rc1 Bxc4 19. Bxc4 Rxc4 20. Kd3 Ra4
21. Ra1 O-O 22. Rhc1 Rc8 23. Ra2 e5 24. Nd2 d5 25. f3 f5 26. Ke2 e4 27. fxe4
fxe4 28. Nb3 Rxc3 29. Rxc3 Bxc3 30. Rc2 d4 31. Nc5 d3+ 32. Nxd3 exd3+ 33. Kxd3
Be5 34. Bc5 Bxh2 35. Bb4 a5 36. Rc8+ Kf7 37. Ra8 b5 38. Ra7+ Ke6 39. Rxa5 Rxa5
40. Bxa5 Bd6 0-1

[Event "M.Chigorin Memorial -2016 "]
[Site "Ð¡Ð°Ð½ÐºÑ‚-ÐŸÐµÑ‚ÐµÑ€Ð±ÑƒÑ€Ð³"]
[Date "2016.10.15"]
[Round "1.141"]
[White "Egorov, Pavel"]
[Black "Pogorelskikh, Sofia"]
[Result "1-0"]
[WhiteElo "2257"]
[BlackElo "1717"]
[PlyCount "87"]
[EventDate "2016.10.15"]

1. d4 Nf6 2. c4 g6 3. Nf3 Bg7 4. Nc3 O-O 5. e4 d6 6. h3 e5 7. dxe5 dxe5 8. Qxd8
Rxd8 9. Bg5 c6 10. Nxe5 Re8 11. O-O-O Rxe5 12. Rd8+ Re8 13. Bxf6 Rxd8 14. Bxd8
Na6 15. Bg5 Nc5 16. Be3 b6 17. f3 f5 18. Kc2 a5 19. Be2 fxe4 20. fxe4 Ba6 21.
b3 Bxc3 22. Bxc5 bxc5 23. Kxc3 Rd8 24. Rf1 Kg7 25. Bg4 Bc8 26. Bxc8 Rxc8 27.
Rd1 Rc7 28. Rd8 a4 29. bxa4 Ra7 30. Kb3 Rb7+ 31. Ka3 Ra7 32. Rd6 Ra6 33. e5 Kf7
34. g4 Ke7 35. h4 Ke8 36. h5 Kf7 37. h6 Ke7 38. g5 Kf7 39. Rd7+ Ke6 40. Rxh7
Kf5 41. Rg7 Ra8 42. h7 Rh8 43. a5 Kxg5 44. a6 1-0

[Event "M.Chigorin Memorial -2016 "]
[Site "Ð¡Ð°Ð½ÐºÑ‚-ÐŸÐµÑ‚ÐµÑ€Ð±ÑƒÑ€Ð³"]
[Date "2016.10.15"]
[Round "1.142"]
[White "Prishibilovich, Matvei"]
[Black "Polyaninov, Aleksey"]
[Result "0-1"]
[WhiteElo "1707"]
[BlackElo "2256"]
[PlyCount "68"]
[EventDate "2016.10.15"]

1. d4 Nf6 2. c4 d6 3. Nc3 e5 4. dxe5 dxe5 5. Qxd8+ Kxd8 6. Bg5 c6 7. O-O-O+ Kc7
8. Nf3 Nbd7 9. Bxf6 gxf6 10. Ne4 Be7 11. e3 Rg8 12. g3 Nb6 13. h3 Be6 14. b3 a5
15. Kc2 a4 16. Nc3 Ra5 17. Bd3 f5 18. b4 Bxb4 19. Nd2 Rc5 20. Rb1 Ba5 21. g4 e4
22. Be2 Nxc4 23. Nxc4 Bxc4 24. Nxa4 Bd3+ 25. Kd1 Bc2+ 26. Kc1 Bxa4+ 27. Kb2
Bc3+ 28. Kc1 Rd8 29. Rb3 Bxb3 30. axb3 Be5+ 31. Kb1 Rd2 32. b4 Rb2+ 33. Ka1
Rxb4+ 34. Ka2 Ra5# 0-1

[Event "M.Chigorin Memorial -2016 "]
[Site "Ð¡Ð°Ð½ÐºÑ‚-ÐŸÐµÑ‚ÐµÑ€Ð±ÑƒÑ€Ð³"]
[Date "2016.10.15"]
[Round "1.143"]
[White "Khalafova, Narmin"]
[Black "Zakharov, Yuri"]
[Result "1-0"]
[WhiteElo "2256"]
[BlackElo "1689"]
[PlyCount "105"]
[EventDate "2016.10.15"]

1. e4 d6 2. d4 Nf6 3. Nc3 g6 4. Be3 Bg7 5. Qd2 Ng4 6. Bg5 h6 7. Bh4 Nc6 8. d5
Nb8 9. h3 Nf6 10. Nf3 c6 11. O-O-O Qa5 12. Nd4 O-O 13. f4 cxd5 14. Nb3 Qc7 15.
exd5 a6 16. g4 b5 17. Bg2 Nbd7 18. Bf2 Nb6 19. Bxb6 Qxb6 20. Rhe1 Re8 21. Nd4
Ra7 22. Nc6 Rc7 23. g5 hxg5 24. fxg5 Nh7 25. Ne4 Rd7 26. Qf4 Rf8 27. Nd2 e5 28.
dxe6 fxe6 29. Qe4 Rdf7 30. Qxg6 d5 31. Bxd5 Nxg5 32. Qxg5 exd5 33. Ne7+ Kh7 34.
Nxc8 Rxc8 35. Qh5+ Kg8 36. Qxd5 Qc7 37. Qb3 Kh8 38. Ne4 Re7 39. Ng3 Qf4+ 40.
Kb1 Rxe1 41. Rxe1 Qf2 42. Rf1 Re8 43. a3 Qd4 44. Nf5 Qf6 45. Rf4 Re3 46. Rh4+
Qxh4 47. Qxe3 Qd8 48. Nxg7 Kxg7 49. Qa7+ Kg8 50. Qxa6 Qd1+ 51. Ka2 Qd5+ 52. b3
Qc5 53. Qg6+ 1-0

[Event "M.Chigorin Memorial -2016 "]
[Site "Ð¡Ð°Ð½ÐºÑ‚-ÐŸÐµÑ‚ÐµÑ€Ð±ÑƒÑ€Ð³"]
[Date "2016.10.15"]
[Round "1.144"]
[White "Lapin, Nikita"]
[Black "Rakhmangulova, Anastasiya"]
[Result "0-1"]
[WhiteElo "1686"]
[BlackElo "2251"]
[PlyCount "82"]
[EventDate "2016.10.15"]

1. e4 c6 2. d4 d5 3. exd5 Qxd5 4. Nc3 Qd6 5. Nf3 Bg4 6. Be2 Nf6 7. Be3 e6 8. h3
Bxf3 9. Bxf3 Nbd7 10. Qd2 Nb6 11. Bf4 Qd7 12. Be2 O-O-O 13. O-O-O Bb4 14. a3
Ne4 15. Qe3 Nxc3 16. bxc3 Nd5 17. Qe5 Bxa3+ 18. Kd2 Nxf4 19. Qxf4 Bd6 20. Qg5
f5 21. Ra1 Kb8 22. Rhb1 e5 23. Ba6 b6 24. Ke1 exd4 25. cxd4 Bc7 26. c3 Rhe8+
27. Kf1 Qd6 28. g3 h6 29. Qc1 f4 30. Qxf4 Qd5 31. Qe3 Rxe3 32. fxe3 Qf3+ 33.
Ke1 Qxe3+ 34. Kd1 Qxc3 35. Ra2 Rxd4+ 36. Ke2 Re4+ 37. Kf2 Qxg3+ 38. Kf1 Rf4+
39. Ke2 Rf2+ 40. Kd1 Qg1+ 41. Bf1 Qxf1# 0-1

[Event "M.Chigorin Memorial -2016 "]
[Site "Ð¡Ð°Ð½ÐºÑ‚-ÐŸÐµÑ‚ÐµÑ€Ð±ÑƒÑ€Ð³"]
[Date "2016.10.15"]
[Round "1.146"]
[White "Vorobyova, Ekaterina"]
[Black "Stukalov, Alexander"]
[Result "0-1"]
[WhiteElo "1668"]
[BlackElo "2243"]
[PlyCount "128"]
[EventDate "2016.10.15"]

1. d4 d6 2. e4 Nf6 3. Nc3 Nbd7 4. Be3 e5 5. f3 c6 6. Qd2 b5 7. Bd3 b4 8. Nce2
d5 9. Ng3 exd4 10. Bxd4 c5 11. Bxf6 Qxf6 12. exd5 Qxb2 13. Qe3+ Qe5 14. Qxe5+
Nxe5 15. Bb5+ Bd7 16. Bxd7+ Kxd7 17. N1e2 Bd6 18. O-O Rhe8 19. a3 Nc4 20. axb4
cxb4 21. Ne4 Be5 22. Ra6 Bc7 23. Nc5+ Ke7 24. Nd4 Bb6 25. Ncb3 Kd7 26. Kh1 Re5
27. Nc6 Rxd5 28. Nxb4 Rd6 29. Raa1 Ne3 30. Rfe1 Rc8 31. Rac1 Rc3 32. h3 a5 33.
Nd3 Rdxd3 34. cxd3 Rxb3 35. d4 Bxd4 36. Re2 Rd3 37. Ra2 Bb6 38. Rb1 Kc6 39.
Rab2 Nd5 40. Rc2+ Kd7 41. Rcb2 Nb4 42. Kh2 Bc7+ 43. Kh1 Bd6 44. Kg1 Bg3 45. Kf1
Be5 46. Re2 Bd6 47. Ra1 Bc7 48. Rae1 Bd8 49. Kf2 Bh4+ 50. g3 Bf6 51. h4 Rd6 52.
Kg2 a4 53. Rb1 Rb6 54. Re4 Nd5 55. Rd1 Rd6 56. Rc1 Ra6 57. Rd1 Ra5 58. Rd2 a3
59. Ree2 Rb5 60. Rd3 Bb2 61. Red2 Kc6 62. Kh3 a2 63. Rxd5 Rxd5 64. Rxb2 a1=Q
0-1

[Event "M.Chigorin Memorial -2016 "]
[Site "Ð¡Ð°Ð½ÐºÑ‚-ÐŸÐµÑ‚ÐµÑ€Ð±ÑƒÑ€Ð³"]
[Date "2016.10.15"]
[Round "1.147"]
[White "Grinblat, Artemiy"]
[Black "Andrijashkin, Deniss"]
[Result "1-0"]
[WhiteElo "2241"]
[BlackElo "1661"]
[PlyCount "75"]
[EventDate "2016.10.15"]

1. e4 e5 2. Nf3 Nc6 3. d4 exd4 4. Nxd4 Nf6 5. Nxc6 bxc6 6. Bd3 d5 7. e5 Ng4 8.
O-O Bc5 9. Bf4 h5 10. Qd2 Be6 11. Qc3 g5 12. Bd2 Bb6 13. h3 Nxf2 14. Rxf2 g4
15. Qxc6+ Bd7 16. Qxd5 Bxf2+ 17. Kxf2 gxh3 18. g3 h4 19. Bf4 c6 20. Qf3 Qb6+
21. Ke2 hxg3 22. Bxg3 Rg8 23. Bf2 Qxb2 24. e6 fxe6 25. Nd2 e5 26. Nc4 Qb4 27.
a3 Qe7 28. Qe4 Rg2 29. Ne3 Rg8 30. Rb1 Rc8 31. Nf5 Qf6 32. Ne3 Qe7 33. Bh4 Qg7
34. Rg1 Qf7 35. Qxe5+ Be6 36. Rxg8+ Qxg8 37. Qf6 Qf7 38. Bg6 1-0

[Event "M.Chigorin Memorial -2016 "]
[Site "Ð¡Ð°Ð½ÐºÑ‚-ÐŸÐµÑ‚ÐµÑ€Ð±ÑƒÑ€Ð³"]
[Date "2016.10.15"]
[Round "1.148"]
[White "Pavlov, Mikhail"]
[Black "Chernyak, Viktoria"]
[Result "0-1"]
[WhiteElo "1645"]
[BlackElo "2238"]
[PlyCount "58"]
[EventDate "2016.10.15"]

1. e4 c5 2. Nf3 Nc6 3. d4 cxd4 4. Nxd4 g6 5. Nc3 Bg7 6. Be3 Nf6 7. Be2 O-O 8.
f4 d6 9. O-O Qb6 10. Na4 Qa5 11. Nc3 Bd7 12. Bf3 Nxd4 13. Bxd4 e5 14. Be3 exf4
15. Bxf4 Qb6+ 16. Kh1 Qxb2 17. Qd3 Rac8 18. Bd2 Be6 19. Qe3 Nd7 20. Rab1 Rxc3
21. Qxa7 Qa3 22. Qxb7 Rxc2 23. Bb4 Qxa2 24. Bxd6 Rfc8 25. Rf2 Rc1+ 26. Rf1 Qxb1
27. Qxc8+ Rxc8 28. Rxb1 Be5 29. Bxe5 Nxe5 0-1

[Event "M.Chigorin Memorial -2016 "]
[Site "Ð¡Ð°Ð½ÐºÑ‚-ÐŸÐµÑ‚ÐµÑ€Ð±ÑƒÑ€Ð³"]
[Date "2016.10.15"]
[Round "1.149"]
[White "Markovic, Vojislav"]
[Black "Tsarkov, Mikhail"]
[Result "1-0"]
[WhiteElo "2233"]
[BlackElo "1636"]
[PlyCount "37"]
[EventDate "2016.10.15"]

1. e4 c6 2. d4 d5 3. e5 Bf5 4. Nf3 e6 5. Be2 Ne7 6. O-O h6 7. a4 Nd7 8. a5 c5
9. a6 b6 10. Bb5 Qc7 11. c4 cxd4 12. Nxd4 Bxb1 13. Rxb1 dxc4 14. Re1 Nd5 15.
Bc6 Rd8 16. Bxd5 exd5 17. e6 Ne5 18. Qa4+ Ke7 19. Rxe5 1-0

[Event "M.Chigorin Memorial -2016 "]
[Site "Ð¡Ð°Ð½ÐºÑ‚-ÐŸÐµÑ‚ÐµÑ€Ð±ÑƒÑ€Ð³"]
[Date "2016.10.15"]
[Round "1.150"]
[White "Smorodkin, Kirill"]
[Black "Cherednichenko, Dmitrij"]
[Result "0-1"]
[WhiteElo "1627"]
[BlackElo "2231"]
[PlyCount "101"]
[EventDate "2016.10.15"]

1. e4 e6 2. d4 d5 3. exd5 exd5 4. c4 Nf6 5. Nf3 Bb4+ 6. Nc3 O-O 7. Bd3 dxc4 8.
Bxc4 Bg4 9. O-O c6 10. Be3 Nbd7 11. h3 Bh5 12. a3 Bd6 13. Bb3 Nb6 14. Bg5 h6
15. Bh4 Be7 16. Re1 Nfd5 17. Bxe7 Nxe7 18. Re5 g5 19. Ne4 Nd7 20. Qd3 Bg6 21.
Re1 Nxe5 22. Nxe5 Kg7 23. Nxg6 Nxg6 24. Nc5 Re8 25. Rxe8 Qxe8 26. Qf5 Qe1+ 27.
Kh2 Qe7 28. g3 b6 29. Ne4 Rd8 30. d5 cxd5 31. Bxd5 Ne5 32. Ba2 Rd4 33. Nc3 Qf6
34. Qxf6+ Kxf6 35. Kg2 Ke7 36. Nd5+ Kd6 37. Nc3 a6 38. Kf1 Nc4 39. Bxc4 Rxc4
40. Ke2 Ke5 41. Kd3 Rd4+ 42. Ke3 f5 43. f3 f4+ 44. gxf4+ Rxf4 45. Ne4 Rxe4+ 46.
fxe4 h5 47. Kf3 g4+ 48. hxg4 hxg4+ 49. Kxg4 Kxe4 50. a4 a5 51. Kg3 0-1

[Event "M.Chigorin Memorial -2016 "]
[Site "Ð¡Ð°Ð½ÐºÑ‚-ÐŸÐµÑ‚ÐµÑ€Ð±ÑƒÑ€Ð³"]
[Date "2016.10.15"]
[Round "1.151"]
[White "Saidov, Bilukhadzh"]
[Black "Kundianok, Vladislav"]
[Result "1-0"]
[WhiteElo "2230"]
[BlackElo "1616"]
[PlyCount "81"]
[EventDate "2016.10.15"]

1. d4 Nf6 2. Nf3 g6 3. Bf4 Bg7 4. e3 d6 5. Be2 O-O 6. h3 c5 7. Nbd2 Nc6 8. c3
Qb6 9. Nc4 Qd8 10. a4 Nd5 11. Bh2 cxd4 12. exd4 Bd7 13. O-O Rc8 14. Qb3 Nb6 15.
Nxb6 Qxb6 16. Qxb6 axb6 17. Bb5 Rfd8 18. Rfe1 Bf6 19. Nd2 Na5 20. Bf1 h6 21. b4
Nc6 22. Nc4 Na7 23. Ra3 b5 24. Nb6 Rb8 25. Nxd7 Rxd7 26. axb5 Nc8 27. Bf4 Kh7
28. Be3 Nb6 29. c4 Rc8 30. c5 Nd5 31. Rb1 Rdd8 32. Ra7 b6 33. c6 Rc7 34. Rxc7
Nxc7 35. Ra1 Ne6 36. Ra6 Rb8 37. d5 Nd4 38. Rxb6 Ra8 39. Ra6 Rb8 40. c7 Rc8 41.
b6 1-0

[Event "M.Chigorin Memorial -2016 "]
[Site "Ð¡Ð°Ð½ÐºÑ‚-ÐŸÐµÑ‚ÐµÑ€Ð±ÑƒÑ€Ð³"]
[Date "2016.10.15"]
[Round "1.152"]
[White "Koliadintcev, Igor"]
[Black "Kaganskiy, Gleb"]
[Result "0-1"]
[WhiteElo "1614"]
[BlackElo "2226"]
[PlyCount "80"]
[EventDate "2016.10.15"]

1. e4 c5 2. Nf3 d6 3. d4 cxd4 4. Nxd4 Nf6 5. Nc3 a6 6. Be3 e5 7. Nb3 Be6 8. f3
h5 9. Qd2 Be7 10. O-O-O Nbd7 11. Qf2 b5 12. Kb1 Rc8 13. Be2 Qc7 14. Rd2 b4 15.
Na4 Qc6 16. Nb6 Nxb6 17. Bxb6 d5 18. Na5 Qa8 19. exd5 Nxd5 20. Nc4 Nc3+ 21.
bxc3 Bxc4 22. cxb4 Bxb4 23. Bxc4 Bxd2 24. Bb3 Bc3 25. Ba4+ Kf8 26. Qe3 Kg8 27.
Bb3 Rh6 28. Bc5 Qc6 29. Qxc3 Qxc5 30. Qd3 Rf6 31. Rd1 g6 32. h3 Kg7 33. Qd7 Rc7
34. Qd8 Rc8 35. Qd7 Rc7 36. Qd8 Rb6 37. Qd3 a5 38. Qe4 a4 39. Qxa4 Qxc2+ 40.
Ka1 Qxd1+ 0-1

[Event "M.Chigorin Memorial -2016 "]
[Site "Ð¡Ð°Ð½ÐºÑ‚-ÐŸÐµÑ‚ÐµÑ€Ð±ÑƒÑ€Ð³"]
[Date "2016.10.15"]
[Round "1.153"]
[White "Artamonov, Valery"]
[Black "Grekhov, Luka"]
[Result "1-0"]
[WhiteElo "2223"]
[BlackElo "1600"]
[PlyCount "75"]
[EventDate "2016.10.15"]

1. c4 e5 2. Nc3 g6 3. g3 Bg7 4. Bg2 Nc6 5. Rb1 a5 6. d3 f5 7. Nh3 Nf6 8. O-O
O-O 9. a3 Ne7 10. f4 d6 11. b4 axb4 12. axb4 exf4 13. Nxf4 Ng4 14. d4 Nc6 15.
e3 Re8 16. b5 Nb8 17. Qd3 c6 18. Bd2 Bd7 19. bxc6 bxc6 20. Nb5 Bc8 21. h3 Nf6
22. Qb3 Kh8 23. Bb4 d5 24. Nd6 Rf8 25. Nxc8 dxc4 26. Qxc4 Qxc8 27. Bxf8 Qxf8
28. Rb7 Qa3 29. Qe6 Nbd7 30. Bxc6 Re8 31. Qb3 Qd6 32. Bxd7 Nxd7 33. Qd5 Qa3 34.
Qxd7 Qxe3+ 35. Kh2 Rg8 36. Rb2 Bxd4 37. Re2 Qc3 38. Rc1 1-0

[Event "M.Chigorin Memorial -2016 "]
[Site "Ð¡Ð°Ð½ÐºÑ‚-ÐŸÐµÑ‚ÐµÑ€Ð±ÑƒÑ€Ð³"]
[Date "2016.10.15"]
[Round "1.154"]
[White "Ageeva, Vasilisa"]
[Black "Orlov, Konstantin"]
[Result "0-1"]
[WhiteElo "1556"]
[BlackElo "2222"]
[PlyCount "44"]
[EventDate "2016.10.15"]

1. e4 c5 2. Nf3 d6 3. d4 cxd4 4. Nxd4 Nf6 5. Nc3 a6 6. Bg5 e6 7. f4 Be7 8. Be2
h6 9. Bxf6 Bxf6 10. Qd2 Nc6 11. Nf3 O-O 12. O-O-O Qa5 13. Kb1 Rd8 14. a3 b5 15.
Na2 Qb6 16. g4 d5 17. e5 Be7 18. Nd4 Bb7 19. b4 a5 20. Nxb5 axb4 21. axb4 Ba6
22. Nac3 Bxb4 0-1

[Event "M.Chigorin Memorial -2016 "]
[Site "Ð¡Ð°Ð½ÐºÑ‚-ÐŸÐµÑ‚ÐµÑ€Ð±ÑƒÑ€Ð³"]
[Date "2016.10.15"]
[Round "1.155"]
[White "Paramzina, Anastasya"]
[Black "Makeev, Konstantin"]
[Result "1-0"]
[WhiteElo "2221"]
[BlackElo "1525"]
[PlyCount "71"]
[EventDate "2016.10.15"]

1. e4 g6 2. d4 Bg7 3. Nc3 d6 4. Be3 Nd7 5. Qd2 Ngf6 6. O-O-O O-O 7. f3 c6 8. h4
b5 9. g4 b4 10. Nce2 a5 11. h5 Qb6 12. hxg6 fxg6 13. Nf4 Ba6 14. Bxa6 Rxa6 15.
g5 Ne8 16. Qh2 Rxf4 17. Qxh7+ Kf7 18. Bxf4 Nf8 19. Qh2 Bxd4 20. Ne2 Bg7 21. Qg1
c5 22. Be3 a4 23. f4 b3 24. cxb3 axb3 25. a3 Qb5 26. Qf1 Qa4 27. Ng3 Bxb2+ 28.
Kxb2 Qxa3+ 29. Kc3 Qb4+ 30. Kd3 Ra2 31. Bd2 Qd4+ 32. Ke2 c4 33. Kf3 c3 34. Be3
Qb4 35. Rd4 Qa5 36. Qc4+ 1-0

[Event "M.Chigorin Memorial -2016 "]
[Site "Ð¡Ð°Ð½ÐºÑ‚-ÐŸÐµÑ‚ÐµÑ€Ð±ÑƒÑ€Ð³"]
[Date "2016.10.15"]
[Round "1.156"]
[White "Tikholiz, Sergei"]
[Black "Nebolsina, Vera"]
[Result "0-1"]
[WhiteElo "1522"]
[BlackElo "2219"]
[PlyCount "98"]
[EventDate "2016.10.15"]

1. Nf3 g6 2. d4 Bg7 3. b3 f5 4. Bb2 Nf6 5. e3 b6 6. g3 Bb7 7. Bg2 O-O 8. O-O e6
9. Nbd2 Qe7 10. c4 d6 11. Qe2 Nbd7 12. Rfd1 Ne4 13. Ne1 Ndf6 14. f3 Nxd2 15.
Rxd2 Rae8 16. Nd3 Nd7 17. Rf1 e5 18. d5 g5 19. e4 f4 20. g4 a5 21. a3 Ba6 22.
Re1 h5 23. h3 Nf6 24. Kf2 Rf7 25. Rg1 a4 26. Nb4 Bc8 27. Nc6 Qf8 28. b4 Bh8 29.
Bc3 Rh7 30. Rdd1 hxg4 31. hxg4 Rh2 32. Rh1 Qh6 33. Rxh2 Qxh2 34. Be1 Nh5 35.
gxh5 Bh3 36. Qf1 g4 37. Qg1 Qg3+ 38. Ke2 gxf3+ 39. Bxf3 Qxg1 40. Bf2 Qh2 41.
Rh1 Qxh1 42. Bxh1 Bg4+ 43. Bf3 Bxf3+ 44. Kxf3 Kf7 45. Bh4 Bf6 46. Bf2 Rh8 47.
Kg4 Rg8+ 48. Kf3 Rg5 49. h6 Rh5 0-1

[Event "M.Chigorin Memorial -2016 "]
[Site "Ð¡Ð°Ð½ÐºÑ‚-ÐŸÐµÑ‚ÐµÑ€Ð±ÑƒÑ€Ð³"]
[Date "2016.10.15"]
[Round "1.157"]
[White "Obgolts, Erik"]
[Black "Akhmetshin, Aydar"]
[Result "1-0"]
[WhiteElo "2217"]
[BlackElo "1517"]
[PlyCount "53"]
[EventDate "2016.10.15"]

1. Nf3 Nf6 2. d4 c5 3. e3 g6 4. Nbd2 cxd4 5. exd4 Bg7 6. Be2 O-O 7. O-O d5 8.
c3 Nc6 9. h3 a6 10. Re1 Bd7 11. Bd3 Qc7 12. Nb3 Rfd8 13. Bg5 h6 14. Bh4 e6 15.
Qd2 Kh7 16. Nc5 Re8 17. Bg3 Qc8 18. Qf4 b6 19. Na4 Nb4 20. cxb4 Bxa4 21. Bh4
Qb8 22. Ne5 Kg8 23. Bxf6 Bxf6 24. Qxf6 Ra7 25. b3 Bb5 26. Bxb5 axb5 27. Nc6 1-0

[Event "M.Chigorin Memorial -2016 "]
[Site "Ð¡Ð°Ð½ÐºÑ‚-ÐŸÐµÑ‚ÐµÑ€Ð±ÑƒÑ€Ð³"]
[Date "2016.10.15"]
[Round "1.158"]
[White "Serov, Aleksandr"]
[Black "Nesterov, Arseniy"]
[Result "0-1"]
[WhiteElo "1505"]
[BlackElo "2214"]
[PlyCount "64"]
[EventDate "2016.10.15"]

1. d4 e6 2. c4 b6 3. Nc3 Bb4 4. a3 Bxc3+ 5. bxc3 f5 6. Bf4 Nf6 7. Nf3 O-O 8. g3
Ba6 9. Qb3 Nc6 10. Qa4 Na5 11. c5 Nd5 12. Bg5 Qc8 13. Rc1 h6 14. Bd2 Nc4 15.
Bg2 bxc5 16. dxc5 Rb8 17. O-O Nxd2 18. Nxd2 Bxe2 19. Rfe1 Bb5 20. Qd4 Bc6 21.
Nc4 Ne7 22. Ne5 Bxg2 23. Kxg2 Rd8 24. c6 d6 25. Nd3 e5 26. Qc4+ Kh8 27. f4 e4
28. Nb4 Rf8 29. Nd5 Nxd5 30. Qxd5 Qa6 31. Ra1 Rb5 32. Qc4 Rb2+ 0-1

[Event "M.Chigorin Memorial -2016 "]
[Site "Ð¡Ð°Ð½ÐºÑ‚-ÐŸÐµÑ‚ÐµÑ€Ð±ÑƒÑ€Ð³"]
[Date "2016.10.15"]
[Round "1.159"]
[White "Lagashin, Pavel"]
[Black "Moskaleva, Arina"]
[Result "1-0"]
[WhiteElo "2212"]
[BlackElo "1479"]
[PlyCount "91"]
[EventDate "2016.10.15"]

1. c4 Nf6 2. Nc3 e6 3. e4 d5 4. e5 Nfd7 5. cxd5 Nxe5 6. d4 Ng6 7. dxe6 Bxe6 8.
d5 Bf5 9. Nf3 Bd6 10. Bb5+ Bd7 11. O-O O-O 12. Bg5 f6 13. Be3 c6 14. dxc6 Bxc6
15. Qb3+ Kh8 16. Bxc6 bxc6 17. Qb7 Nd7 18. Rad1 Nde5 19. Nxe5 fxe5 20. Ne4 Rb8
21. Qxc6 Qh4 22. Nxd6 Rf6 23. Qc7 Rbf8 24. Qc4 Nf4 25. Bxf4 exf4 26. Rfe1 Qh5
27. Qd5 Qg6 28. Ne4 f3 29. Qg5 Qxg5 30. Nxg5 fxg2 31. Ne4 Ra6 32. a3 Rb6 33. b4
Ra6 34. Rd3 Re8 35. Kxg2 Rg6+ 36. Ng3 Rf8 37. Red1 Rgf6 38. Ne4 Rf4 39. Rd8 h6
40. Rxf8+ Rxf8 41. Rd7 a6 42. Nc5 Ra8 43. Ne6 Rg8 44. Rd8 Rxd8 45. Nxd8 Kg8 46.
a4 1-0

[Event "M.Chigorin Memorial -2016 "]
[Site "Ð¡Ð°Ð½ÐºÑ‚-ÐŸÐµÑ‚ÐµÑ€Ð±ÑƒÑ€Ð³"]
[Date "2016.10.15"]
[Round "1.160"]
[White "Babotin, Ivan"]
[Black "Badelka, Olga"]
[Result "0-1"]
[WhiteElo "1465"]
[BlackElo "2209"]
[PlyCount "72"]
[EventDate "2016.10.15"]

1. e4 c5 2. Nf3 Nc6 3. d4 cxd4 4. Nxd4 Qb6 5. Nxc6 bxc6 6. Nc3 e5 7. a3 Nf6 8.
Bc4 Be7 9. Bb3 Ba6 10. Be3 Qc7 11. f3 O-O 12. Qd2 Rad8 13. O-O-O d5 14. exd5
cxd5 15. Bxd5 Bc4 16. Bg5 Nxd5 17. Nxd5 Rxd5 18. Qe3 Bxg5 19. Qxg5 Bb3 20. Rd2
Rc5 21. c3 Rb8 22. Qe3 f6 23. Re1 Rcb5 24. Qe4 Qc5 25. Qg4 R5b7 26. h4 Qc6 27.
h5 Be6 28. Qg3 Rxb2 29. Rxb2 Qxc3+ 30. Rc2 Qxa3+ 31. Kd2 Rd8+ 32. Ke2 Qd3+ 33.
Kf2 Qxc2+ 34. Kf1 Qc5 35. h6 Bc4+ 36. Re2 Rd1+ 0-1

[Event "M.Chigorin Memorial -2016 "]
[Site "Ð¡Ð°Ð½ÐºÑ‚-ÐŸÐµÑ‚ÐµÑ€Ð±ÑƒÑ€Ð³"]
[Date "2016.10.15"]
[Round "1.161"]
[White "Puraev, Artemiy"]
[Black "Bulsoev, Alexander"]
[Result "1-0"]
[WhiteElo "2204"]
[BlackElo "1462"]
[PlyCount "67"]
[EventDate "2016.10.15"]

1. d4 d5 2. Bf4 Nf6 3. e3 e6 4. c3 Nbd7 5. Nd2 Be7 6. Bd3 c5 7. Ngf3 c4 8. Bc2
b5 9. e4 Nb6 10. e5 Nfd7 11. h4 h6 12. h5 f5 13. exf6 Nxf6 14. Ne5 Rg8 15. Qf3
Nbd7 16. Bg6+ Kf8 17. Nf7 Qb6 18. g4 Bb7 19. Nxh6 gxh6 20. Bxh6+ Rg7 21. g5 e5
22. dxe5 Nxe5 23. Bxg7+ Kxg7 24. gxf6+ Bxf6 25. Qg3 Rg8 26. O-O-O Kh8 27. f4
Nd3+ 28. Kb1 d4 29. Nf3 Be4 30. Ng5 Bxg5 31. fxg5 Qc6 32. Rh4 Nf4+ 33. Ka1 dxc3
34. Qxc3+ 1-0

[Event "M.Chigorin Memorial -2016 "]
[Site "Ð¡Ð°Ð½ÐºÑ‚-ÐŸÐµÑ‚ÐµÑ€Ð±ÑƒÑ€Ð³"]
[Date "2016.10.15"]
[Round "1.162"]
[White "Astakhov, Dmitrii"]
[Black "Kuznetsov, Felix"]
[Result "0-1"]
[WhiteElo "1456"]
[BlackElo "2200"]
[PlyCount "86"]
[EventDate "2016.10.15"]

1. d4 Nf6 2. c4 e6 3. Nc3 Bb4 4. Qb3 c5 5. dxc5 Nc6 6. a3 Bxc5 7. Bg5 Bxf2+ 8.
Kxf2 Ng4+ 9. Ke1 Qxg5 10. Ne4 Qf4 11. Qf3 Qxf3 12. exf3 Ne3 13. Rc1 Nxf1 14.
Kxf1 Ke7 15. Ne2 f5 16. N4c3 b6 17. Kf2 Ba6 18. Nb5 Rhc8 19. Rhd1 Na5 20. Nd6
Rc6 21. b4 Nxc4 22. b5 Rxd6 23. Rxd6 Nxd6 24. bxa6 Rc8 25. Rd1 Rc5 26. Ke3 Ra5
27. Rd3 Rxa6 28. Rc3 Rxa3 29. Rxa3 Nc4+ 30. Kd4 Nxa3 31. Nc3 Kd6 32. f4 a6 33.
g3 Nb5+ 34. Nxb5+ axb5 35. Kc3 Kc5 36. Kb3 b4 37. Kc2 Kc4 38. Kb2 b3 39. Kb1
Kc3 40. Kc1 b2+ 41. Kb1 d6 42. h3 h5 43. h4 g6 0-1

[Event "M.Chigorin Memorial -2016 "]
[Site "Ð¡Ð°Ð½ÐºÑ‚-ÐŸÐµÑ‚ÐµÑ€Ð±ÑƒÑ€Ð³"]
[Date "2016.10.15"]
[Round "1.163"]
[White "Petrov, Dmitri"]
[Black "Riakhovskii, Mark"]
[Result "1-0"]
[WhiteElo "2200"]
[BlackElo "1370"]
[PlyCount "95"]
[EventDate "2016.10.15"]

1. e4 c5 2. Nf3 d6 3. d4 cxd4 4. Qxd4 Nf6 5. Bg5 Nc6 6. Bb5 Nd7 7. Qd2 Qc7 8.
Nc3 a6 9. Nd5 Qb8 10. Be2 e6 11. Ne3 Nc5 12. Bd3 Be7 13. Bxe7 Nxe7 14. O-O b5
15. b4 Nxd3 16. Qxd3 O-O 17. Rfd1 Rd8 18. e5 d5 19. Ng4 Bb7 20. Qe3 Qc7 21. Qg5
Ng6 22. Nd4 Rdc8 23. g3 Qc3 24. Rab1 Qc4 25. Rb3 a5 26. Ne3 Qc7 27. f4 Qd7 28.
a3 Ne7 29. h4 a4 30. Rbd3 Nc6 31. Ng4 Kh8 32. Nf3 Ne7 33. Qh5 Nf5 34. Ng5 h6
35. Nxf7+ Kh7 36. Nfxh6 Nxh6 37. Qxh6+ gxh6 38. Nf6+ Kg6 39. Nxd7 Rxc2 40. Nc5
Bc8 41. R1d2 Rc4 42. Kg2 h5 43. Kf3 Ra7 44. Rd4 Kf5 45. Rxc4 dxc4 46. Rd8 Bb7+
47. Nxb7 Rxb7 48. Rg8 1-0